000 00539nam a2200217Ia 4500
003 OSt
005 20220928145002.0
006 a|||||r|||| 00| 0
007 ta
008 220927b |||||||| |||| 00| 0 eng d
024 _a77881
037 _cTextual
040 _aSDCL
_cSDCL
_beng
041 _2eng
_aeng
082 _aY47.2'N7, K7
100 _aChaudhuri Nirad C
_9499428
245 0 _aIntellectual in India.
260 _c1967
942 _hY47.2'N7, K7
_cTEXL
_2CC
999 _c831195
_d831195